[Event "Open Tournament Ruy Lopez"]
[Site "SchemingMind.com"]
[Date "2007.12.09"]
[Round "-"]
[White "Shaka"]
[Black "Gordon"]
[Result "0-1"]
[WhiteCountry "VEN"]
[BlackCountry "ENG"]
[WhiteElo "1713"]
[WhiteRD "70"]
[BlackElo "2337"]
[BlackRD "74"]
[GameID "131796"]

1. e4 e5 2. Nf3 Nc6 3. Bb5 a6 4. Ba4 Nf6 5. O-O Be7 6. Re1 b5 7. Bb3 O-O 8. c3 d5 9. exd5 Nxd5 10. Nxe5 Nxe5
11. Rxe5 c6 12. d4 Bd6 13. Re1 Qh4 14. g3 Qh3 15. Qd3 Bg4 16. Nd2 Rae8 17. Ne4 f5 18. Bxd5+ cxd5 19. Nf6+ gxf6 20. Rxe8 Rxe8
21. Be3 f4
0-1

[Event "Open Tournament Ruy Lopez"]
[Site "SchemingMind.com"]
[Date "2007.12.09"]
[Round "-"]
[White "Gordon"]
[Black "Shaka"]
[Result "1-0"]
[WhiteCountry "ENG"]
[BlackCountry "VEN"]
[WhiteElo "2359"]
[WhiteRD "77"]
[BlackElo "1694"]
[BlackRD "67"]
[GameID "131802"]

1. e4 e5 2. Nf3 Nc6 3. Bb5 a6 4. Ba4 Nf6 5. O-O b5 6. Bb3 Be7 7. d4 O-O 8. Nxe5 Nxe4 9. Nxf7 Rxf7 10. Bxf7+ Kxf7
11. d5 Bb7 12. Re1 Nf6 13. dxc6 Bxc6 14. Nc3
1-0

[Event "Open Tournament Ruy Lopez"]
[Site "SchemingMind.com"]
[Date "2008.01.05"]
[Round "-"]
[White "kifosi"]
[Black "Mitchell-in"]
[Result "1/2-1/2"]
[WhiteCountry "DEN"]
[BlackCountry "ENG"]
[WhiteElo "1816"]
[WhiteRD "67"]
[BlackElo "1688"]
[BlackRD "69"]
[GameID "136084"]

1. e4 e5 2. Nf3 Nc6 3. Bb5 a6 4. Ba4 Nf6 5. O-O Be7 6. Re1 b5 7. Bb3 d6 8. d3 O-O 9. Be3 Na5 10. Nbd2 Nxb3
11. Nxb3 c5 12. h3 h6 13. Nbd2 Bb7 14. a3 a5 15. c3 Qc7 16. c4 b4 17. a4=
1/2-1/2

[Event "Open Tournament Ruy Lopez"]
[Site "SchemingMind.com"]
[Date "2008.01.05"]
[Round "-"]
[White "Mitchell-in"]
[Black "kifosi"]
[Result "1/2-1/2"]
[WhiteCountry "ENG"]
[BlackCountry "DEN"]
[WhiteElo "1716"]
[WhiteRD "64"]
[BlackElo "1858"]
[BlackRD "66"]
[GameID "136090"]

1. e4 e5 2. Nf3 Nc6 3. Bb5 a6 4. Ba4 Nf6 5. O-O Be7 6. Re1 d6 7. c3 Bd7 8. d4 exd4 9. cxd4 O-O 10. Nc3 Re8
11. d5 Ne5 12. Nxe5 dxe5 13. Bxd7 Qxd7 14. Bd2 c6 15. dxc6= Qxc6 16. f3 Red8 17. Qe2 Rac8 18. Rac1 Bc5+ 19. Be3 Bxe3+=
1/2-1/2

[Event "Open Tournament Ruy Lopez"]
[Site "SchemingMind.com"]
[Date "2008.02.28"]
[Round "-"]
[White "Ilang"]
[Black "Mitchell-in"]
[Result "1-0"]
[WhiteCountry "HUN"]
[BlackCountry "ENG"]
[WhiteElo "2313"]
[WhiteRD "74"]
[BlackElo "1666"]
[BlackRD "64"]
[GameID "143888"]

1. e4 e5 2. Nf3 Nc6 3. Bb5 a6 4. Ba4 Nf6 5. O-O Be7 6. Re1 b5 7. Bb3 d6 8. c3 O-O 9. h3 Na5 10. Bc2 c5
11. d4 Qc7 12. Nbd2 Bd7 13. Nf1 Ne8 14. dxe5 dxe5 15. Nxe5 Bxh3 16. gxh3 Qxe5 17. Qd5 Qxd5 18. exd5 Nf6 19. Rxe7 Nxd5 20. Re5 Rad8
21. Ne3 Nxe3 22. Bxe3 Nc4 23. Rxc5 Nxe3 24. fxe3 Rd2 25. Bb3 Re8 26. Rc7
1-0

[Event "Open Tournament Ruy Lopez"]
[Site "SchemingMind.com"]
[Date "2008.02.28"]
[Round "-"]
[White "Mitchell-in"]
[Black "Ilang"]
[Result "0-1"]
[WhiteCountry "ENG"]
[BlackCountry "HUN"]
[WhiteElo "1666"]
[WhiteRD "64"]
[BlackElo "2313"]
[BlackRD "74"]
[GameID "143893"]

1. e4 e5 2. Nf3 Nc6 3. Bb5 a6 4. Ba4 Nf6 5. O-O Be7 6. Re1 b5 7. Bb3 d6 8. c3 O-O 9. h3 Na5 10. Bc2 c5
11. d4 Qc7 12. Nbd2 cxd4 13. cxd4 Nc6 14. d5 Nb4 15. Bb1 a5 16. a3 Na6 17. Nf1 Bd7 18. Ne3 Qb7 19. Bd2 Nc5 20. Nf1 b4
21. axb4 axb4 22. Rxa8 Rxa8 23. g4 Ra1 24. g5 Nfxe4
0-1

[Event "Open Tournament Ruy Lopez"]
[Site "SchemingMind.com"]
[Date "2008.03.07"]
[Round "-"]
[White "jjb091"]
[Black "Gordon"]
[Result "0-1"]
[WhiteCountry "USA"]
[BlackCountry "ENG"]
[WhiteElo "1767"]
[WhiteRD "91"]
[BlackElo "2344"]
[BlackRD "74"]
[GameID "144541"]

1. e4 e5 2. Nf3 Nc6 3. Bb5 a6 4. Ba4 Nf6 5. O-O Be7 6. Re1 b5 7. Bb3 O-O 8. c3 d5 9. exd5 Nxd5 10. Nxe5 Nxe5
11. Rxe5 c6 12. d4 Bd6 13. Re1 Qh4 14. g3 Qh3 15. Re4 g5 16. Qf1 Qh5 17. f3 Bf5 18. Bxd5 cxd5 19. Re1 Rae8 20. Qf2 Rxe1+
21. Qxe1 Qxf3 22. Nd2 Qg4 23. Nb3 h5 24. Be3 Re8 25. Qf2 h4 26. Qg2 Rxe3 27. Rf1 Be4 28. Qf2 Rf3 29. Qe1 Bxg3 30. hxg3 Rxg3+
0-1

[Event "Open Tournament Ruy Lopez"]
[Site "SchemingMind.com"]
[Date "2008.03.07"]
[Round "-"]
[White "Gordon"]
[Black "jjb091"]
[Result "1-0"]
[WhiteCountry "ENG"]
[BlackCountry "USA"]
[WhiteElo "2344"]
[WhiteRD "74"]
[BlackElo "1767"]
[BlackRD "91"]
[GameID "144549"]

1. e4 e5 2. Nf3 Nc6 3. Bb5 a6 4. Ba4 Nf6 5. O-O b5 6. Bb3 Be7 7. Re1 d6 8. c3 O-O 9. h3 Na5 10. Bc2 c5
11. d4 Qc7 12. Nbd2 Bb7 13. d5 Nd7 14. Nf1 b4 15. Ne3 Rfe8 16. cxb4 cxb4 17. b3 Rac8 18. Bd2 Qb6 19. a3 Ba8 20. axb4 Nb7
21. Bd3 Nb8 22. Qe2 h6 23. Bxa6 Nxa6 24. Rxa6 Qd8 25. Nc4 Bg5 26. Nxg5 hxg5 27. Nb6 Rb8 28. Rea1
1-0

[Event "Open Tournament Ruy Lopez"]
[Site "SchemingMind.com"]
[Date "2008.05.15"]
[Round "-"]
[White "Ilang"]
[Black "Gordon"]
[Result "1/2-1/2"]
[WhiteCountry "HUN"]
[BlackCountry "ENG"]
[WhiteElo "2317"]
[WhiteRD "73"]
[BlackElo "2357"]
[BlackRD "75"]
[GameID "155052"]

1. e4 e5 2. Nf3 Nc6 3. Bb5 a6 4. Ba4 Nf6 5. O-O Be7 6. Re1 b5 7. Bb3 O-O 8. c3 d5 9. exd5 Nxd5 10. Nxe5 Nxe5
11. Rxe5 c6 12. Re1 Bd6 13. d3 Bf5 14. Qf3 Re8 15. Rxe8+ Qxe8 16. Nd2 Qe1+ 17. Nf1 Bg6 18. Bxd5 cxd5 19. Qxd5 Rd8 20. Bg5 Qxa1
21. Bxd8 Bxh2+ 22. Kxh2 Qxf1 23. Qa8 h6 24. d4 Qe2 25. a3 Qxb2 26. Be7+=
1/2-1/2

[Event "Open Tournament Ruy Lopez"]
[Site "SchemingMind.com"]
[Date "2008.05.15"]
[Round "-"]
[White "Gordon"]
[Black "Ilang"]
[Result "1/2-1/2"]
[WhiteCountry "ENG"]
[BlackCountry "HUN"]
[WhiteElo "2357"]
[WhiteRD "75"]
[BlackElo "2317"]
[BlackRD "73"]
[GameID "155055"]

1. e4 e5 2. Nf3 Nc6 3. Bb5 a6 4. Ba4 Nf6 5. O-O Be7 6. Re1 b5 7. Bb3 d6 8. c3 O-O 9. h3 Na5 10. Bc2 c5
11. d4 Qc7 12. Nbd2 Nc6 13. d5 Na5 14. b3 Bd7 15. Nf1 Nb7 16. Ng3 g6 17. Bh6 Rfc8 18. Qd2 c4 19. b4 a5 20. a3 Rcb8
21. Bg5 Ra6=
1/2-1/2